| 000 | 01101nam a2200253 i 4500 | ||
|---|---|---|---|
| 001 | 125309 | ||
| 003 | ES-MaACL | ||
| 005 | 20240528062845.0 | ||
| 007 | t| | ||
| 008 | 070601s1922 fr |||| | fre d | ||
| 245 | 0 | 0 |
_aFête de Christophe Colomb _b: 12 octobre 1922. |
| 260 |
_aParis : _bBibliothèque de L'Association, _c[1922] |
||
| 300 |
_a68 p. ; _c20 cm. |
||
| 505 | 8 | _aContiene: Christophe Colomb: drame en vers en un acte (2 tableaux) / Fernand Clerget ; Isabelle de Castille / Madeleine Lépine ; Les trois jours de Colomb / Casimir Delavigne ; Lettre sur son voyage / Christophe Colomb ; Le triomphe de Colomb / Lope de Vega ; La mort de Colomb / Washington Irving | |
| 600 | 1 | 4 |
_aColón, Cristóbal- _vAniversarios y centenarios. _9166344 |
| 700 | 1 |
_aClerget, Fernand. _939222 |
|
| 700 | 1 |
_aLépine, Madeleine. _971725 |
|
| 700 | 1 |
_aDelavigne, Casimir. _943338 |
|
| 700 | 1 |
_aColón, Cristóbal. _939869 |
|
| 700 | 1 |
_aVega, Lope de, _d1562-1635 _9113563 |
|
| 700 | 0 |
_aIrving, Washington, _d1783-1859 _965506 |
|
| 852 |
_aES-MaACL _j1640-F-4 |
||
| 999 |
_c125309 _d125309 |
||